| 000 | 00766nam a2200289Ia 4500 | ||
|---|---|---|---|
| 001 | E2430 | ||
| 003 | IT-RoPAU | ||
| 008 | 130308s9999 xx 000 0 und d | ||
| 040 | _aIT-RoPAU | ||
| 040 | _cIT-RoPAU | ||
| 041 | _aFRANCESE | ||
| 100 | _aGlowinski Michal | ||
| 100 | _gCodice Aut. SPICS: 47906 | ||
| 245 | _aSur le roman a la premiere personne | ||
| 245 | _bEsthetique et Poetique | ||
| 250 | _a1a ed. | ||
| 260 | _aPARIS | ||
| 260 | _bSeuil | ||
| 260 | _c1992 [1° Ed.:1992 - Ed.Ling.Originale:1977] | ||
| 300 | _a"17 p. (prefazione: no ; testo: 17 [pagine: 229-245])" | ||
| 500 | _aSul Romanzo in Prima Persona. | ||
| 650 | _aSAGGI DI SEMIOLOGIA | ||
| 650 | _eCodice materia Spics: 3257 | ||
| 942 | _cBK | ||
| 957 | _71 | ||
| 999 |
_c96130 _d96130 |
||
| 999 | _g1 | ||